[Event "FIDE-Wch k.o."]
[Site "Moscow"]
[Date "2001.12.03"]
[Round "4.1"]
[White "Topalov, Veselin"]
[Black "Shirov, Alexei"]
[Result "1/2-1/2"]
[WhiteElo "2733"]
[BlackElo "2706"]
[PlyCount "169"]
[EventDate "2001.11.27"]
[Source "ChessBase"]
[SourceDate "2002.02.05"]

1. e4 e5 2. Nf3 Nf6 3. Nxe5 d6 4. Nf3 Nxe4 5. d4 d5 6. Bd3 Nc6 7. O-O Be7 8. c4
Nb4 9. Be2 O-O 10. Nc3 Be6 11. Ne5 c5 12. Nxe4 dxe4 13. d5 Bc8 14. a3 Na6 15.
Qc2 f6 16. Ng4 Bd6 17. f4 exf3 18. Bxf3 Qc7 19. g3 Bd7 20. Nf2 b5 21. b3 Rae8
22. Kg2 Be5 23. Rb1 Bd4 24. Bd2 b4 25. a4 Qc8 26. Rbe1 Bf5 27. Be4 Rxe4 28.
Nxe4 Bh3+ 29. Kh1 Bxf1 30. Rxf1 Qg4 31. Nd6 Rd8 32. Qf5 h5 33. Qxg4 hxg4 34.
Nb5 Rd7 35. Bf4 Re7 36. Nxd4 cxd4 37. c5 g5 38. Bd6 Re3 39. c6 Kf7 40. Bb8 Nxb8
41. c7 Re8 42. cxb8=Q Rxb8 43. Rd1 f5 44. Rxd4 Kf6 45. Rc4 Ke5 46. Rc7 Kxd5 47.
Rxa7 Rc8 48. Rd7+ Ke4 49. Rd1 Rc3 50. a5 Rxb3 51. a6 Ra3 52. Rb1 f4 53. Rxb4+
Ke3 54. Rb1 Rxa6 55. Rb3+ Ke2 56. Rb2+ Kd3 57. gxf4 gxf4 58. Rb4 Ra1+ 59. Kg2
f3+ 60. Kf2 Ra2+ 61. Kg1 Rg2+ 62. Kh1 Rd2 63. Kg1 Ke3 64. Rb3+ Rd3 65. Rb1 Rd4
66. Rb3+ Kf4 67. Rb8 Rd1+ 68. Kf2 Rd2+ 69. Kg1 Rg2+ 70. Kh1 Re2 71. Kg1 Ke3 72.
Re8+ Kd2 73. Ra8 Rg2+ 74. Kh1 Ke3 75. Ra3+ Kf4 76. Ra4+ Kg5 77. Ra8 g3 78. hxg3
Kg4 79. Rg8+ Kh3 80. Rh8+ Kxg3 81. Rg8+ Kf2 82. Ra8 Rg7 83. Ra2+ Kg3 84. Kg1
Rb7 85. Rg2+ 1/2-1/2